000 00871cam a22002771 4500
001 1221579
003 SISC
005 20160812112939.0
008 730116s1958 cau b 000 0 eng
010 _a 58013534
040 _aDLC
_cDLC
_dDLC
041 1 _aeng
_hger
050 0 0 _aR 117
_b.V5 1962
082 0 0 _a610.4
100 1 _aVirchow, Rudolf,
_d1821-1902.
245 1 0 _aDisease, life, and man,
_bselected essays /
_ctranslated and with an introduction by Lelland J. Rather.
260 _aStanford, Calif.,
_bStanford University Press,
_c1958.
300 _a288 pages ;
_c23 cm.
440 0 _aStanford studies in the medical sciences,
_v9
500 _aIncludes bibliographical references and index.
650 0 _aMedicine.
650 0 _aPathology.
650 0 _aLife (Biology)
906 _a7
_bcbc
_corignew
_du
_eocip
_f19
_gy-gencatlg
942 _2lcc
_cBK
999 _c300488
_d300488